Договорная неустойка и интерес в римском и современном гражданском праве

Dettagli Bibliografici
Autore principale: Пергамент М. Я. Михаил Яковлевич
Riassunto:Заглавие с титульного экрана
Электронная версия печатной публикации
Lingua:russo
Pubblicazione: Одесса, "Экономическая" типография, 1899
Soggetti:
Accesso online:http://www.lib.tpu.ru/fulltext/m/2009/consultant/pergament.pdf
Natura: MixedMaterials Elettronico Libro
KOHA link:https://koha.lib.tpu.ru/cgi-bin/koha/opac-detail.pl?biblionumber=158737

MARC

LEADER 00000nlm0a2200000 4500
001 158737
005 20231101222046.0
035 |a (RuTPU)RU\TPU\book\172158 
090 |a 158737 
100 |a 20090428d1899 km y0rusy50 ca 
101 0 |a rus 
102 |a RU 
105 |a y z 001zy 
135 |a vrcn ---uucaa 
181 0 |a i  
182 0 |a b 
200 1 |a Договорная неустойка и интерес в римском и современном гражданском праве  |b Электронный ресурс  |f М. Я. Пергамент 
203 |a Текст  |c электронный 
210 |a Одесса  |c "Экономическая" типография  |d 1899 
230 |a 1 компьютерный файл (pdf; 84507 KB) 
300 |a Заглавие с титульного экрана 
300 |a Электронная версия печатной публикации 
337 |a Adobe Reader 
606 1 |a Государство и право  |x История  |2 stltpush  |3 (RuTPU)RU\TPU\subj\68127  |9 83645 
606 1 |a Гражданское право   |2 stltpush  |3 (RuTPU)RU\TPU\subj\8516 
610 1 |a римское право 
610 1 |a неустойки 
610 1 |a гражданское право 
610 1 |a электронный ресурс 
686 |a Х2  |v LBC/SL-A  |2 rubbk 
686 |a Х623  |v LBC/SL-A  |2 rubbk 
700 1 |a Пергамент  |b М. Я.  |c русский юрист  |c декан высших (Бестужевских) женских курсов, профессор  |f 1866 – 1932  |g Михаил Яковлевич  |2 stltpush  |3 (RuTPU)RU\TPU\pers\24003  |9 10612 
801 1 |a RU  |b 63413507  |c 20090428  |g PSBO 
801 2 |a RU  |b 63413507  |c 20090522  |g PSBO 
856 4 |u http://www.lib.tpu.ru/fulltext/m/2009/consultant/pergament.pdf 
942 |c CF